MESTSKÁ KNIŽNICA GIRALTOVCE  - online katalóg 

Jorga (Record no. 23462)

000 -NÁVESTIE
fixed length control field 01326cam a2200397 4500
001 - EVIDENČNÉ ČÍSLO ZÁZNAMU - Kontrolné číslo
control field vtls011786248
005 - DÁTUM A ČAS POSLEDNEJ TRANSAKCIE
control field 20221012102612.0
008 - ÚDAJE S PEVNOU DĹŽKOU – VŠEOBECNÉ INFORMÁCIE
fixed length control field 200228s2018 xo g 000 f slo
020 ## - MEDZINÁRODNÉ ŠTANDARDNÉ ČÍSLO KNIHY (ISBN)
Medzinárodné štandardné číslo knihy (ISBN) 9788022020800
Qualifying information (viazané)
035 ## - Iný štandardný identifikátor
Iný štandardný identifikátor urn:nbn:sk:snk-am00db7i
035 ## - Iný štandardný identifikátor
Iný štandardný identifikátor urn:nbn:sk:snk-am3hw8j
035 ## - Iný štandardný identifikátor
Iný štandardný identifikátor 1836FFCF-7C31-4A8A-B404-D97B81B68DD4
040 ## - ZDROJ KATALOGIZÁCIE
Pôvodná katalogizujúca agentúra SVKBB
Jazyk katalogizácie slo
Prepisujúca agentúra SVKBB
Modifikujúca agentúra SNK
Konvencie popisu rda
041 0# - KÓD JAZYKA
Kód jazyka textu/zvukovej stopy alebo samostatných nápisov slo
044 ## - KÓD KRAJINY VYDAVATEĽA/PRODUCENTA
Kód krajiny MARC xo
Kód krajiny ISO SK
072 #7 - KÓD PREDMETOVEJ KATEGÓRIE
Kód predmetovej kategórie 821.162.4-3
Pododdiel kódu predmetovej kategórie Slovenská próza
Zdroj konspekt
080 ## - ČÍSLO MEDZINÁRODNÉHO DESATINNÉHO TRIEDENIA (MDT)
Číslo Medzinárodného desatinného triedenia (MDT) 821.162.4-31
Identifikátor vydania 2011
080 ## - ČÍSLO MEDZINÁRODNÉHO DESATINNÉHO TRIEDENIA (MDT)
Číslo Medzinárodného desatinného triedenia (MDT) (0:82-312.5)
Identifikátor vydania 2011
080 ## - ČÍSLO MEDZINÁRODNÉHO DESATINNÉHO TRIEDENIA (MDT)
Číslo Medzinárodného desatinného triedenia (MDT) (0:82-311.6)
Identifikátor vydania 2011
100 1# - OSOBNÉ MENÁ – VŠEOBECNÉ INFORMÁCIE
Osobné meno Pronská, Jana,
Dátumy súvisiace s menom 1972-
Kód roly aut
-- 2483
245 10 - NÁZOV
Názov Jorga
Údaj o zodpovednosti atď. Jana Pronská
260 ## - VYDAVATEĽSKÉ ÚDAJE, DISTRIBÚCIA ATĎ.
Miesto publikovania, distribúcie atď. Bratislava
Názov vydavateľa, distibútora atď. Slovenský spisovateľ, a.s.
Dátum publikovania, distribúcie atď. 2018
300 ## - FYZICKÝ POPIS
Rozsah 214 strán
Rozmery 21 cm
336 ## - TYP OBSAHU
Typ obsahu - termín text
Typ obsahu - kód txt
Zdroj rdacontent
337 ## - TYP MÉDIA
Typ média - termín bez média
Typ média - kód n
Zdroj rdamedia
338 ## - TYP NOSIČA
Typ nosiča - termín zväzok
Typ nosiča - kód nc
Zdroj rdacarrier
500 ## - VŠEOBECNÁ POZNÁMKA
Formátovaná poznámka o obsahu Na obálke uvedené: Pokračovanie bestselleru Kliatba
655 #7 - INDEXAČNÝ TERMÍN – ŽÁNER/FORMA
Údaje o žánri/forme alebo termín, ktorý je prvok fazety slovenské romány
Zdroj termínu SNKPH
-- 1694
655 #7 - INDEXAČNÝ TERMÍN – ŽÁNER/FORMA
Údaje o žánri/forme alebo termín, ktorý je prvok fazety ľúbostné romány
Zdroj termínu SNKPH
-- 13
655 #7 - INDEXAČNÝ TERMÍN – ŽÁNER/FORMA
Údaje o žánri/forme alebo termín, ktorý je prvok fazety historické romány
Zdroj termínu SNKPH
-- 1688
655 #7 - INDEXAČNÝ TERMÍN – ŽÁNER/FORMA
Údaje o žánri/forme alebo termín, ktorý je prvok fazety Slovak fiction
Zdroj termínu SNKPHeng
-- 1695
655 #7 - INDEXAČNÝ TERMÍN – ŽÁNER/FORMA
Údaje o žánri/forme alebo termín, ktorý je prvok fazety Love novels
Zdroj termínu SNKPHeng
-- 1667
655 #7 - INDEXAČNÝ TERMÍN – ŽÁNER/FORMA
Údaje o žánri/forme alebo termín, ktorý je prvok fazety Historical novels
Zdroj termínu SNKPHeng
-- 1689
958 ## - Formálny deskriptor
Formálny deskriptor LX
Holdings
Stav stiahnutia (Blokovanie) (Withrawn status) Stav straty Zdroj klasifikácie pre skladovanie Stav poškodenia (Damaged status) Nie pre výpožičky (Not for loan) Spôsob nadobudnutia (Collection code) Trvalé umiestnenie Aktuálne umiestnenie Dátum nadobudnutia Inventárne číslo (prírastkové číslo) Celkom výpožičky Celkom prolongácie (predĺženia) Full call number Čiarový kód Vypožičaných Dátum posledného výskytu Dátum poslednej výpôžičky Cena s účinnosťou od Typ jednotky Koha
          Kúpa Mestská knižnica Giraltovce Mestská knižnica Giraltovce 2022-10-12 21794 8 1 B10603 B10603 2024-09-20 2024-08-21 2024-08-21 2022-10-12 Krásna literatúra pre dospelých

Powered by Koha